000 00498nam a2200217Ia 4500
005 20250425161003.0
008 250425s9999 xx 000 0 und d
041 _aspa
082 _a622.3382
100 _aBROWN, KERMIT E.
245 0 _aDISENO DE INSTALACIONES FLUJO CONTINUO Y FLUJ
250 _a1A ED.
260 _aMARACAIBO
260 _aVenezuela
_bS.E.
_c1970
300 _a40
650 _aCARBON
650 _aMINERALES
710 _aRIMISTP
942 _c01
010 _a9874
999 _c200171
_d200171